[Event "21st Capablanca Memorial group A"]
[Site "Havana CUB"]
[Date "1986.??.??"]
[Round "9"]
[White "Barbulescu, Dan"]
[Black "Rodriguez Cespedes, Amador"]
[Result "1/2-1/2"]
[WhiteElo "2450"]
[BlackElo "2505"]
[EventDate "1986.05.20"]
[PlyCount "104"]

1.e4 c5 2.Nf3 d6 3.d4 cxd4 4.Nxd4 Nf6 5.Nc3 Nc6 6.Bg5 e6 7.Qd2 Be7 8.O-O-O
O-O 9.f4 h6 10.Bh4 e5 11.Nf5 Bxf5 12.exf5 exf4 13.Kb1 d5 14.Bxf6 Bxf6 15.
Nxd5 Be5 16.Bc4 Qd6 17.Rhe1 Rfd8 18.Re4 Qc5 19.a3 Rac8 20.b4 Qd6 21.Qe2 a6
22.Rd3 Qf8 23.Bb3 Bd6 24.f6 Re8 25.fxg7 Kxg7 26.Rd1 Rxe4 27.Qxe4 Be5 28.
Nxf4 Rd8 29.Rxd8 Qxd8 30.Nd3 Bd4 31.Ka2 Qf6 32.Nf4 Qe5 33.Qxe5+ Bxe5 34.g3
Nd4 35.Bd5 b6 36.c4 a5 37.Nd3 Bc7 38.Kb2 axb4 39.axb4 h5 40.Kc3 Nf5 41.Ne1
Ne3 42.Nf3 f5 43.Kd4 Nc2+ 44.Kc3 Ne3 45.Kd3 Ng4 46.Kd4 Kf6 47.c5 f4 48.
gxf4 bxc5+ 49.Kxc5 Bxf4 50.h3 Nf2 51.Ng1 Bh2 52.Nf3 Bf4 1/2-1/2

[Event "21st Capablanca Memorial group A"]
[Site "Havana CUB"]
[Date "1986.??.??"]
[Round "9"]
[White "Kirov, Nino"]
[Black "Nogueiras Santiago, Jesus"]
[Result "1/2-1/2"]
[WhiteElo "2485"]
[BlackElo "2570"]
[EventDate "1986.05.20"]
[PlyCount "25"]

1.Nf3 Nf6 2.g3 g6 3.Bg2 Bg7 4.c4 c5 5.Nc3 d5 6.cxd5 Nxd5 7.O-O Nc6 8.Ng5 
Nb6 9.Nge4 c4 10.b3 Bf5 11.bxc4 Nxc4 12.Rb1 N4a5 13.d3 1/2-1/2

[Event "21st Capablanca Memorial group A"]
[Site "Havana CUB"]
[Date "1986.??.??"]
[Round "9"]
[White "Diaz Diaz, Joaquin"]
[Black "Garcia Palermo, Carlos"]
[Result "0-1"]
[WhiteElo "2365"]
[BlackElo "2550"]
[EventDate "1986.05.20"]
[PlyCount "81"]

1.e4 c6 2.d4 d5 3.Nd2 dxe4 4.Nxe4 Bf5 5.Ng3 Bg6 6.h4 h6 7.Nf3 Nd7 8.h5 Bh7
9.Bd3 Bxd3 10.Qxd3 Qc7 11.Bd2 e6 12.O-O-O Ngf6 13.Qe2 c5 14.Kb1 cxd4 15.
Nxd4 Bc5 16.Nb3 Be7 17.Bc3 Rc8 18.Ne4 O-O 19.Rh3 Nxe4 20.Qxe4 Nf6 21.Qe2 
Rfd8 22.Rhd3 Qh2 23.Bxf6 Bxf6 24.Qf3 Rxd3 25.Rxd3 Qc7 26.c3 b5 27.Qe4 a5 
28.a3 b4 29.axb4 axb4 30.Qxb4 Rb8 31.Qa3 Qb6 32.Qb4 Qa7 33.Qc5 Qb7 34.Qb4 
Qa8 35.Qc4 Qxg2 36.Rd2 Bg5 37.f4 Qg4 38.Rd4 Bf6 39.Rd2 Qf5+ 40.Kc1 e5 41.
fxe5 0-1

[Event "21st Capablanca Memorial group A"]
[Site "Havana CUB"]
[Date "1986.??.??"]
[Round "9"]
[White "Boensch, Uwe"]
[Black "Ivkov, Borislav"]
[Result "1-0"]
[WhiteElo "2475"]
[BlackElo "2525"]
[EventDate "1986.05.20"]
[PlyCount "45"]

1.d4 e6 2.c4 Bb4+ 3.Bd2 Qe7 4.g3 f5 5.Bg2 Nf6 6.Nf3 Bxd2+ 7.Nbxd2 d6 8.O-O
O-O 9.Re1 e5 10.e4 fxe4 11.dxe5 dxe5 12.Nxe4 Nc6 13.Qb3 Nxe4 14.Rxe4 Qf6 
15.Rf1 Bf5 16.Re3 Rae8 17.c5+ Kh8 18.Qxb7 Bc8 19.Qxc7 Ba6 20.Rfe1 Re6 21.
Ng5 Qxg5 22.Bxc6 Rc8 23.Qxe5 1-0

[Event "21st Capablanca Memorial group A"]
[Site "Havana CUB"]
[Date "1986.??.??"]
[Round "10"]
[White "Vladimirov, Evgeny"]
[Black "Barbulescu, Dan"]
[Result "1-0"]
[WhiteElo "2490"]
[BlackElo "2450"]
[EventDate "1986.05.20"]
[PlyCount "95"]

1.d4 d5 2.c4 c6 3.Nf3 Nf6 4.Nc3 dxc4 5.a4 Bf5 6.Ne5 Nbd7 7.Nxc4 Qc7 8.g3 
e5 9.dxe5 Nxe5 10.Bf4 Rd8 11.Qc1 Bd6 12.Nxd6+ Qxd6 13.Bg2 Qe7 14.O-O a5 
15.h3 O-O 16.g4 Bc8 17.Qe3 Ng6 18.Qxe7 Nxe7 19.e4 Be6 20.Bc7 Rd2 21.Rab1 
Ra8 22.Rfd1 Rd7 23.Rxd7 Nxd7 24.Rd1 g5 25.Ne2 Ng6 26.Nd4 Nge5 27.Bf1 Rc8 
28.Bd6 h6 29.Kg2 Re8 30.b3 f6 31.Be2 Bf7 32.Rb1 Bg6 33.f3 Nf7 34.Bc7 Rxe4 
35.Rd1 Re7 36.Kf2 Nde5 37.Bxa5 Rd7 38.Bc3 c5 39.Ne6 Bc2 40.Rc1 Bg6 41.Nxc5
Re7 42.a5 Nd8 43.Rd1 Ndc6 44.b4 Kf7 45.Ne4 Kg7 46.Rd6 Rf7 47.b5 Na7 48.
Nxf6 1-0

[Event "21st Capablanca Memorial group A"]
[Site "Havana CUB"]
[Date "1986.??.??"]
[Round "10"]
[White "Rodriguez Cespedes, Amador"]
[Black "Eingorn, Viacheslav"]
[Result "1/2-1/2"]
[WhiteElo "2505"]
[BlackElo "2560"]
[EventDate "1986.05.20"]
[PlyCount "128"]

1.e4 e6 2.d4 d5 3.Nc3 Bb4 4.e5 Ne7 5.a3 Bxc3+ 6.bxc3 c5 7.Nf3 Bd7 8.a4 Qa5
9.Qd2 Nbc6 10.Be2 Rc8 11.Ba3 cxd4 12.cxd4 Qxd2+ 13.Kxd2 Nf5 14.c3 Na5 15.
Rhb1 h5 16.Bb4 Nc6 17.a5 Nxb4 18.Rxb4 Rc7 19.Rab1 Bc6 20.Ne1 Ne7 21.Nd3 
Nc8 22.Nc5 b6 23.axb6 axb6 24.Na4 Bxa4 25.Rxa4 g6 26.Ra8 O-O 27.Ba6 Kg7 
28.g3 Rc6 29.Bb5 Rc7 30.Ba6 Rc6 31.Kd3 Rc7 32.h3 Rc6 33.Bb5 Rc7 34.Ba6 Rc6
35.h4 Rc7 36.Rb2 Rc6 37.Bb5 Rc7 38.Ba6 Rc6 39.Rb3 Rc7 40.Rb4 Kg8 41.Rb8 
Kg7 42.c4 dxc4+ 43.Rxc4 Rxc4 44.Bxc4 Ne7 45.Rb7 Nc6 46.Rxb6 Rc8 47.Ba6 Rc7
48.Rb7 Rxb7 49.Bxb7 Ne7 50.Kc4 Kf8 51.Kc5 Nf5 52.Bc8 Nh6 53.d5 exd5 54.
Kxd5 Ke7 55.Bh3 Ng8 56.f3 f6 57.Be6 Nh6 58.g4 hxg4 59.fxg4 Nxg4 60.Bxg4 
fxe5 61.Kxe5 Kf7 62.Kf4 Kf6 63.Bd1 Kf7 64.Kg5 Kg7 1/2-1/2

[Event "21st Capablanca Memorial group A"]
[Site "Havana CUB"]
[Date "1986.??.??"]
[Round "10"]
[White "Boensch, Uwe"]
[Black "Diaz Diaz, Joaquin"]
[Result "1/2-1/2"]
[WhiteElo "2475"]
[BlackElo "2365"]
[EventDate "1986.05.20"]
[PlyCount "146"]

1.d4 d5 2.c4 e6 3.Nc3 Be7 4.Nf3 Nf6 5.Bg5 O-O 6.e3 h6 7.Bxf6 Bxf6 8.Qd2 
Nc6 9.Rc1 a6 10.Be2 dxc4 11.Bxc4 e5 12.d5 Na7 13.Qc2 Bg4 14.Nd2 Nc8 15.O-O
Nd6 16.Nce4 Be7 17.Bd3 Nxe4 18.Bxe4 Bd6 19.Nc4 Bd7 20.Nxd6 cxd6 21.Qc7 Bb5
22.Rfe1 Qh4 23.Bf5 g6 24.Bb1 Qb4 25.h4 Rac8 26.Qxb7 Rxc1 27.Rxc1 Qxb2 28.
Qc7 Bd7 29.Qc3 Rb8 30.Be4 Qxa2 31.Ra1 Qe2 32.Bd3 Qg4 33.Qc7 Rb2 34.Qxd6 
Rd2 35.Bxa6 Qxh4 36.Rf1 Qa4 37.Qb8+ Kh7 38.Qf8 Be8 39.Bb7 Rd1 40.Ba6 Rxd5 
41.Bb7 Rd8 42.e4 Qd7 43.Bd5 Qd6 44.Qxd6 Rxd6 45.Rb1 Kg7 46.Rb7 Kf6 47.f3 
h5 48.Kh2 Rd7 49.Rb8 Re7 50.Kg3 Kg5 51.Rb6 f5 52.exf5 gxf5 53.Rb4 Rh7 54.
Rb8 Bg6 55.f4+ exf4+ 56.Kh3 Rd7 57.Bf3 Bf7 58.Rh8 Re7 59.Rh7 Re1 60.Kh2 
Bg6 61.Rc7 Re8 62.Ra7 Rh8 63.Kh3 Rh7 64.Ra8 Bf7 65.Ra7 Bg8 66.Ra8 Bc4 67.
Rd8 Rh6 68.Kh2 Bb3 69.Rc8 Rh7 70.Kh3 Rd7 71.Rh8 Bd1 72.Rxh5+ Kg6 73.Rh4 
Bxf3 1/2-1/2

[Event "21st Capablanca Memorial group A"]
[Site "Havana CUB"]
[Date "1986.??.??"]
[Round "10"]
[White "Ivkov, Borislav"]
[Black "Nogueiras Santiago, Jesus"]
[Result "1/2-1/2"]
[WhiteElo "2525"]
[BlackElo "2570"]
[EventDate "1986.05.20"]
[PlyCount "22"]

1.d4 Nf6 2.c4 e6 3.Nf3 Bb4+ 4.Bd2 Qe7 5.g3 O-O 6.Bg2 Bxd2+ 7.Qxd2 d6 8.Nc3
e5 9.O-O Re8 10.e4 Bg4 11.d5 Bxf3 1/2-1/2

[Event "21st Capablanca Memorial group A"]
[Site "Havana CUB"]
[Date "1986.??.??"]
[Round "10"]
[White "Garcia Palermo, Carlos"]
[Black "Garcia Gonzales, Guillermo"]
[Result "1/2-1/2"]
[WhiteElo "2550"]
[BlackElo "2495"]
[EventDate "1986.05.20"]
[PlyCount "28"]

1.d4 Nf6 2.c4 e6 3.Bg5 Bb4+ 4.Nd2 h6 5.Bxf6 Qxf6 6.Nf3 O-O 7.e3 d6 8.Be2 
e5 9.O-O Bxd2 10.Qxd2 Bg4 11.h3 Bh5 12.b4 e4 13.Nh2 Bxe2 14.Qxe2 Nd7 
1/2-1/2

[Event "21st Capablanca Memorial group A"]
[Site "Havana CUB"]
[Date "1986.??.??"]
[Round "11"]
[White "Diaz Diaz, Joaquin"]
[Black "Ivkov, Borislav"]
[Result "0-1"]
[WhiteElo "2365"]
[BlackElo "2525"]
[EventDate "1986.05.20"]
[PlyCount "80"]

1.e4 e5 2.Nf3 Nc6 3.Bb5 a6 4.Ba4 Nf6 5.O-O Be7 6.Re1 b5 7.Bb3 d6 8.c3 O-O 
9.h3 Nd7 10.d4 Nb6 11.Nbd2 Bf6 12.Nf1 Re8 13.Ng3 g6 14.Bh6 a5 15.Bc2 exd4 
16.cxd4 Nc4 17.Rb1 Nb4 18.Bb3 c5 19.a3 Nc6 20.Bxc4 bxc4 21.dxc5 dxc5 22.e5
Bh8 23.Qa4 Nxe5 24.Nxe5 Rxe5 25.Rxe5 Bxe5 26.Re1 Bd7 27.Qxc4 Bxb2 28.Qxc5 
Rc8 29.Qe3 Bc6 30.Ne4 Qd5 31.Qg3 Re8 32.f3 f5 33.Ng5 Rxe1+ 34.Qxe1 Qc5+ 
35.Kh2 Qe5+ 36.Qg3 Qxg3+ 37.Kxg3 Bxa3 38.Ne6 a4 39.Nd4 Bd5 40.Nb5 Bb2 0-1

[Event "21st Capablanca Memorial group A"]
[Site "Havana CUB"]
[Date "1986.??.??"]
[Round "11"]
[White "Eingorn, Viacheslav"]
[Black "Vladimirov, Evgeny"]
[Result "1-0"]
[WhiteElo "2560"]
[BlackElo "2490"]
[EventDate "1986.05.20"]
[PlyCount "113"]

1.Nf3 d5 2.d4 e6 3.c4 c5 4.cxd5 exd5 5.Nc3 Nc6 6.Bf4 Nf6 7.e3 cxd4 8.Nxd4 
Bb4 9.Be2 Ne4 10.Rc1 O-O 11.O-O Bxc3 12.bxc3 Qf6 13.Nb5 Be6 14.f3 Nc5 15.
Bd6 b6 16.Bxf8 Rxf8 17.Nd4 Na5 18.Nb3 Qh6 19.Nxa5 Qxe3+ 20.Kh1 bxa5 21.Re1
Qf4 22.Qd4 Qc7 23.c4 Rd8 24.cxd5 Rxd5 25.Qg1 h6 26.Bc4 Rh5 27.Bxe6 fxe6 
28.Red1 a4 29.f4 Qc6 30.Qe3 Rf5 31.Rc3 Qe4 32.Qc1 Qc6 33.h3 h5 34.Qc2 Qb5 
35.Rc4 h4 36.Rb1 Qa5 37.Rc1 Nb7 38.Rxa4 Qb6 39.Rc4 Nd6 40.Rc6 Qb4 41.Qd3 
Ne4 42.Qd8+ Qf8 43.Qxf8+ Kxf8 44.Rc8+ Ke7 45.R1c7+ Kd6 46.Rxg7 Rxf4 47.Kh2
Rf2 48.Rg4 Ke5 49.a4 Ra2 50.Rxh4 Rxa4 51.Rh5+ Kd6 52.Rd8+ Ke7 53.Ra8 a6 
54.Rh7+ Kd6 55.Rd8+ Kc6 56.Rh4 a5 57.Rh5 1-0

[Event "21st Capablanca Memorial group A"]
[Site "Havana CUB"]
[Date "1986.??.??"]
[Round "11"]
[White "Garcia Gonzales, Guillermo"]
[Black "Boensch, Uwe"]
[Result "1/2-1/2"]
[WhiteElo "2495"]
[BlackElo "2475"]
[EventDate "1986.05.20"]
[PlyCount "26"]

1.d4 Nf6 2.Nf3 e6 3.Bg5 d5 4.e3 Be7 5.Nbd2 b6 6.Bb5+ Nfd7 7.Bxe7 Qxe7 8.
Qe2 Bb7 9.O-O a6 10.Bd3 f5 11.c4 O-O 12.Rac1 c5 13.Rfd1 Nc6 1/2-1/2

[Event "21st Capablanca Memorial group A"]
[Site "Havana CUB"]
[Date "1986.??.??"]
[Round "12"]
[White "Rodriguez Cespedes, Amador"]
[Black "Kirov, Nino"]
[Result "1-0"]
[WhiteElo "2505"]
[BlackElo "2485"]
[EventDate "1986.05.20"]
[PlyCount "71"]

1.e4 c5 2.Nf3 e6 3.d4 cxd4 4.Nxd4 Nc6 5.Nb5 d6 6.c4 Nf6 7.N5c3 a6 8.Na3 
Be7 9.Be2 O-O 10.O-O b6 11.Be3 Bb7 12.Qb3 Nd7 13.Rfd1 Rb8 14.Rac1 Ba8 15.
Rd2 Rb7 16.Qd1 Qb8 17.Qf1 Nf6 18.f4 Rc7 19.Bf3 Rfc8 20.Qf2 Nd7 21.Rcd1 Na5
22.Be2 Qb7 23.Qf1 b5 24.cxb5 Rxc3 25.bxc3 Qxe4 26.Bd4 e5 27.Bd3 Qxf4 28.
Qxf4 exf4 29.Bf5 Rd8 30.Re2 Kf8 31.Bxg7+ Kxg7 32.Rxe7 Nc5 33.Rc7 Nab7 34.
Rd4 Kf6 35.Rxf4 Ke5 36.Rf1 1-0

[Event "21st Capablanca Memorial group A"]
[Site "Havana CUB"]
[Date "1986.??.??"]
[Round "12"]
[White "Boensch, Uwe"]
[Black "Barbulescu, Dan"]
[Result "1-0"]
[WhiteElo "2475"]
[BlackElo "2450"]
[EventDate "1986.05.20"]
[PlyCount "129"]

1.d4 Nf6 2.c4 e6 3.Nf3 b6 4.Nc3 Bb7 5.a3 d5 6.Bf4 Bd6 7.Bg3 O-O 8.e3 Nbd7 
9.cxd5 exd5 10.Bxd6 cxd6 11.Qb3 Qe7 12.Bb5 Rfc8 13.O-O Rc7 14.Bd3 a6 15.
Rac1 Rac8 16.Rc2 Ne4 17.Rfc1 Nxc3 18.Rxc3 Rxc3 19.Rxc3 Qd8 20.Ne1 Rxc3 21.
Qxc3 Qc8 22.Qb4 Qc6 23.Kf1 g6 24.Ke2 a5 25.Qb5 Qxb5 26.Bxb5 Nb8 27.Nd3 Bc6
28.Bxc6 Nxc6 29.Nf4 Ne7 30.Kd3 Kf8 31.b4 axb4 32.a4 Ke8 33.Kc2 Kd7 34.Kb3 
Kc6 35.Nd3 Kb7 36.Nxb4 Kc7 37.g4 g5 38.Kc3 f6 39.Kd3 Kd7 40.f3 Ke6 41.f4 
Kd7 42.f5 Kc7 43.e4 dxe4+ 44.Kxe4 Kb7 45.Nd5 Ng8 46.Kd3 Ka6 47.Kc4 Ka5 48.
Kb3 b5 49.axb5 Kxb5 50.Kc3 Ka4 51.Kc4 Ka5 52.h3 h6 53.Nc3 Ne7 54.d5 h5 55.
gxh5 Nxf5 56.Ne4 g4 57.hxg4 Ne3+ 58.Kd4 Nxg4 59.Nxd6 Nh6 60.Kc5 Ka4 61.Nc4
f5 62.d6 f4 63.d7 Nf7 64.Ne5 f3 65.Nxf3 1-0

[Event "21st Capablanca Memorial group A"]
[Site "Havana CUB"]
[Date "1986.??.??"]
[Round "12"]
[White "Diaz Diaz, Joaquin"]
[Black "Garcia Gonzales, Guillermo"]
[Result "1/2-1/2"]
[WhiteElo "2365"]
[BlackElo "2495"]
[EventDate "1986.05.20"]
[PlyCount "25"]

1.e4 c6 2.d4 d5 3.Nd2 dxe4 4.Nxe4 Nd7 5.Bc4 Ngf6 6.Ng5 e6 7.Qe2 Nb6 8.Bd3 
h6 9.N5f3 c5 10.dxc5 Bxc5 11.Ne5 O-O 12.Ngf3 Nbd7 13.Bd2 1/2-1/2

[Event "21st Capablanca Memorial group A"]
[Site "Havana CUB"]
[Date "1986.??.??"]
[Round "12"]
[White "Armas Gutierrez, Jorge"]
[Black "Nogueiras Santiago, Jesus"]
[Result "1/2-1/2"]
[WhiteElo "2345"]
[BlackElo "2570"]
[EventDate "1986.05.20"]
[PlyCount "111"]

1.d4 Nf6 2.Nf3 d5 3.c4 e6 4.cxd5 exd5 5.Nc3 c6 6.Qc2 Be7 7.Bf4 g6 8.e3 Bf5
9.Bd3 Bxd3 10.Qxd3 O-O 11.O-O Nbd7 12.Rab1 a5 13.Qc2 Re8 14.a3 Nb6 15.Nd2 
Nh5 16.Bg3 Ng7 17.b4 axb4 18.axb4 h5 19.h3 Nf5 20.Ne2 Bd6 21.Bf4 Bxf4 22.
Nxf4 Nd6 23.Nxg6 fxg6 24.Qxg6+ Kf8 25.Qh6+ Ke7 26.Nb3 Rh8 27.Qf4 Nbc4 28.
e4 dxe4 29.Rfe1 b6 30.d5 cxd5 31.Qg5+ Kd7 32.Qxd5 Qg8 33.Qd4 Qe6 34.Nc5+ 
bxc5 35.bxc5 Qe5 36.Qxe5 Nxe5 37.cxd6 Ra4 38.f3 Rg8 39.Kf1 Nc4 40.Rb7+ Kc6
41.Rf7 e3 42.d7 Ra2 43.g4 Rf2+ 44.Kg1 hxg4 45.Rg7 Rxg7 46.d8=Q gxf3+ 47.
Kh1 Rgg2 48.Qc8+ Kd5 49.Rd1+ Nd2 50.Qb7+ Kd4 51.Qb4+ Kd3 52.Qb1+ Kd4 53.
Qb4+ Ke5 54.Qc5+ Kf4 55.Qd6+ Kf5 56.Qd5+ 1/2-1/2

[Event "21st Capablanca Memorial group A"]
[Site "Havana CUB"]
[Date "1986.??.??"]
[Round "12"]
[White "Garcia Palermo, Carlos"]
[Black "Eingorn, Viacheslav"]
[Result "1/2-1/2"]
[WhiteElo "2550"]
[BlackElo "2560"]
[EventDate "1986.05.20"]
[PlyCount "65"]

1.d4 Nf6 2.c4 e6 3.Nf3 b6 4.Nc3 Bb4 5.Qb3 c5 6.a3 Ba5 7.Bf4 O-O 8.Rd1 Ba6 
9.e3 cxd4 10.Nxd4 d5 11.Be2 Bxc4 12.Bxc4 dxc4 13.Qxc4 Qd5 14.Qxd5 Bxc3+ 
15.bxc3 Nxd5 16.Bxb8 Rfxb8 17.c4 Nc3 18.Rc1 Ne4 19.Ke2 Kf8 20.Rhd1 Rc8 21.
Nb5 Ke7 22.Rd4 Nc5 23.Rcd1 Rc6 24.g3 a6 25.Nd6 f6 26.f4 Ra7 27.Kf3 Nd7 28.
g4 g5 29.R4d2 gxf4 30.Kxf4 Ne5 31.g5 Ng6+ 32.Kg4 Ne5+ 33.Kf4 1/2-1/2

[Event "21st Capablanca Memorial group A"]
[Site "Havana CUB"]
[Date "1986.??.??"]
[Round "13"]
[White "Eingorn, Viacheslav"]
[Black "Boensch, Uwe"]
[Result "1-0"]
[WhiteElo "2560"]
[BlackElo "2475"]
[EventDate "1986.05.20"]
[PlyCount "157"]

1.d4 Nf6 2.Nf3 e6 3.c4 d5 4.Nc3 Be7 5.Qc2 O-O 6.cxd5 exd5 7.Bg5 Nbd7 8.e3 
c6 9.Bd3 Re8 10.O-O Nf8 11.Rae1 Be6 12.Ne5 N6d7 13.Bxe7 Rxe7 14.Nxd7 Qxd7 
15.b4 Qd6 16.Rb1 Rc8 17.Rfc1 g6 18.Na4 b6 19.Qe2 Rcc7 20.Qf3 Bc8 21.Rc2 
Kg7 22.Qg3 Qxg3 23.hxg3 Ne6 24.Re1 Bb7 25.g4 Kf8 26.f3 Ke8 27.Kf2 Kd7 28.
Nc3 Rc8 29.Rb1 Kd8 30.Na4 f6 31.Rb3 Rec7 32.Ra3 Kd7 33.Rc1 Kd6 34.Rh1 Re7 
35.Rh6 Rcc7 36.Nc3 Bc8 37.Rh1 Bd7 38.Rd1 Re8 39.Rb3 Rh8 40.Rh1 Be8 41.Rbb1
Re7 42.Bc2 Bd7 43.Rh6 Rf7 44.f4 Rg7 45.Bb3 Be8 46.g3 Re7 47.Kf3 Bf7 48.Rd1
Kc7 49.b5 Kd6 50.e4 Nc7 51.e5+ fxe5 52.dxe5+ Kd7 53.Rh2 Nxb5 54.Nxb5 cxb5 
55.Bxd5 Bxd5+ 56.Rxd5+ Ke6 57.Rhd2 Rg8 58.Rd6+ Kf7 59.Rc2 b4 60.Ke4 Rge8 
61.Kd5 b5 62.g5 a5 63.Rc5 Rb7 64.e6+ Ke7 65.Rdc6 a4 66.Rc7+ Rxc7 67.Rxc7+ 
Kf8 68.Rxh7 Kg8 69.Rb7 b3 70.a3 Rf8 71.Kd6 Rd8+ 72.Ke5 Rd3 73.Rxb5 Rxg3 
74.Kf6 Rd3 75.Rb8+ Kh7 76.Rb7+ Kg8 77.e7 b2 78.Rxb2 Rd4 79.Rb7 1-0

[Event "21st Capablanca Memorial group A"]
[Site "Havana CUB"]
[Date "1986.??.??"]
[Round "13"]
[White "Barbulescu, Dan"]
[Black "Diaz Diaz, Joaquin"]
[Result "1-0"]
[WhiteElo "2450"]
[BlackElo "2365"]
[EventDate "1986.05.20"]
[PlyCount "113"]

1.e4 c5 2.Nf3 d6 3.d4 cxd4 4.Nxd4 Nf6 5.Nc3 g6 6.Be2 Bg7 7.O-O O-O 8.Kh1 
Nc6 9.Nb3 a6 10.f4 b5 11.Bf3 Bd7 12.Be3 Rc8 13.Qd2 b4 14.Nd5 Nxd5 15.exd5 
Na5 16.Qxb4 Nc4 17.Bd4 a5 18.Qe1 Bxd4 19.Nxd4 Qb6 20.c3 Qxb2 21.Qxe7 Qxc3 
22.Ne2 Qe3 23.Qxd7 Nd2 24.Rfe1 Nxf3 25.Qh3 Nxe1 26.Qxe3 Nc2 27.Qc1 Rfe8 
28.Rb1 Rxe2 29.Qb2 Rce8 30.Rg1 Nb4 31.Qf6 Nxd5 32.Qxd6 Ne3 33.a4 Nf5 34.
Qa6 R2e4 35.Qxa5 Rxf4 36.Qb5 Rfe4 37.h3 R4e5 38.Qb4 Ra8 39.Ra1 Rea5 40.Kg1
Ne3 41.Qb3 Nf5 42.Qb4 Ng7 43.g4 Ne6 44.Kh2 Nc5 45.Rc1 Nxa4 46.Rc7 R5a6 47.
Qb7 R6a7 48.Qd5 Rxc7 49.Qxa8+ Kg7 50.Qxa4 h6 51.Qd4+ Kh7 52.Qf6 Rd7 53.h4 
Kg8 54.h5 Kh7 55.g5 Ra7 56.gxh6 Ra2+ 57.Kg1 1-0

[Event "21st Capablanca Memorial group A"]
[Site "Havana CUB"]
[Date "1986.??.??"]
[Round "13"]
[White "Sunye Neto, Jaime"]
[Black "Garcia Palermo, Carlos"]
[Result "1/2-1/2"]
[WhiteElo "2480"]
[BlackElo "2550"]
[EventDate "1986.05.20"]
[PlyCount "26"]

1.c4 e6 2.Nf3 Nf6 3.d4 d5 4.Bg5 Be7 5.e3 O-O 6.Nbd2 b6 7.Bd3 Bb7 8.O-O 
Nbd7 9.cxd5 exd5 10.Qe2 c5 11.Ba6 Qc8 12.Bxb7 Qxb7 13.Rfd1 Rfe8 1/2-1/2

[Event "21st Capablanca Memorial group A"]
[Site "Havana CUB"]
[Date "1986.??.??"]
[Round "13"]
[White "Garcia Gonzales, Guillermo"]
[Black "Ivkov, Borislav"]
[Result "1/2-1/2"]
[WhiteElo "2495"]
[BlackElo "2525"]
[EventDate "1986.05.20"]
[PlyCount "26"]

1.d4 d5 2.c4 c6 3.Nf3 Nf6 4.Nc3 e6 5.cxd5 cxd5 6.Bf4 Nc6 7.e3 Bd6 8.Bxd6 
Qxd6 9.Bd3 O-O 10.O-O Bd7 11.Rc1 Rac8 12.Qe2 Rfd8 13.Rfd1 Be8 1/2-1/2

[Event "21st Capablanca Memorial group A"]
[Site "Havana CUB"]
[Date "1986.??.??"]
[Round "13"]
[White "Nogueiras Santiago, Jesus"]
[Black "Rodriguez Cespedes, Amador"]
[Result "1-0"]
[WhiteElo "2570"]
[BlackElo "2505"]
[EventDate "1986.05.20"]
[PlyCount "33"]

1.d4 Nf6 2.c4 e6 3.g3 c5 4.Nf3 cxd4 5.Nxd4 Qb6 6.Bg2 Bc5 7.e3 Nc6 8.O-O 
Bxd4 9.exd4 Qxd4 10.Qxd4 Nxd4 11.Nc3 Ke7 12.Rd1 Nc6 13.b3 a5 14.Bf4 Ne8 
15.Rd2 f6 16.Rad1 Ne5 17.Bxe5 1-0